ADVERTISING MANAGEMENT (Record no. 476195)

MARC details
000 -LEADER
fixed length control field 00555nam a2200205Ia 4500
008 - FIXED-LENGTH DATA ELEMENTS--GENERAL INFORMATION
fixed length control field 100315s9999 xx 000 0 und d
020 ## - INTERNATIONAL STANDARD BOOK NUMBER
International Standard Book Number 0-86003-600-6 
040 ## - CATALOGING SOURCE
Transcribing agency ENGLISH 
082 ## - DEWEY DECIMAL CLASSIFICATION NUMBER
Item number 1460 
Classification number 659.1 
100 ## - MAIN ENTRY--PERSONAL NAME
Personal name "GILLIGAN, COLIN GEOFFREY, CROWTHER "
245 ## - TITLE STATEMENT
Title ADVERTISING MANAGEMENT
260 ## - PUBLICATION, DISTRIBUTION, ETC. (IMPRINT)
Place of publication, distribution, etc ILIP ALLAN 
Name of publisher, distributor, etc PHILIP ALLAN  
Date of publication, distribution, etc
300 ## - PHYSICAL DESCRIPTION
Extent "VIII,215P  "
365 ## - TRADE PRICE
Price note Aus.Sch. 
Unit of pricing
Price amount 0.00 
366 ## - TRADE AVAILABILITY INFORMATION
Publishers' discount category
530 ## - ADDITIONAL PHYSICAL FORM AVAILABLE NOTE
Availability source -  
630 ## - SUBJECT ADDED ENTRY--UNIFORM TITLE
Uniform title ADVERTISING MANAGEMENT
730 ## - ADDED ENTRY--UNIFORM TITLE
Uniform title ADVERTISING MANAGEMENT
942 ## - ADDED ENTRY ELEMENTS (KOHA)
Koha item type Book
Holdings
Withdrawn status Lost status Damaged status Not for loan Home library Current library Date acquired Cost, normal purchase price Total Checkouts Full call number Barcode Date last seen Price effective from Koha item type
        Dr. V. N. Bedekar Institute of Management Studies Library Dr. V. N. Bedekar Institute of Management Studies Library 03/19/2010 0.00   659.1 /GIL/GEO  1460  VPMBRIMS-1460  03/19/2010 03/19/2010 Book